| 000 | 01349cam a2200373 i 4500 | ||
|---|---|---|---|
| 001 | 20145392 | ||
| 003 | OSt | ||
| 005 | 20251203114556.0 | ||
| 008 | 171117e200702 bg 000 e eng | ||
| 010 | _a 2017326232 | ||
| 020 | _a9789849273653 | ||
| 025 | _aB-E-2017326232; 04 | ||
| 035 | _a20145392 | ||
| 037 | _bLibrary of Congress -- New Delhi Overseas Office | ||
| 040 |
_beng _cFoundation University _erda |
||
| 041 | 1 |
_aeng _aben _hben |
|
| 042 |
_alcode _apcc |
||
| 043 | _aa-bg--- | ||
| 050 | 0 | 0 |
_aBL 1284.835.B36 _b.2017 H37 |
| 100 | 0 |
_aHaque, Maqsoodul, _eauthor. _913224 |
|
| 245 | 1 | 0 |
_aBauliana : _bworshipping the great God in man : the Bauls of Bangladesh and Fakir Lalon Shah / _cMaqsoodul Haque. |
| 246 | 3 | 0 | _aBauls of Bangladesh and Fakir Lalon Shah |
| 264 | 1 |
_aDhaka : _bAgrodoot & Company, _c2017. _42017. |
|
| 300 |
_a381 pages ; _c18 cm |
||
| 336 |
_atext _btxt _2rdacontent |
||
| 337 |
_aunmediated _bn _2rdamedia |
||
| 338 |
_avolume _bnc _2rdacarrier |
||
| 546 |
_aIncludes passages in Bangali _b(Bengali and Roman). |
||
| 600 | 0 | 0 |
_aLālana Śāha, _d1774-1890. _913225 |
| 650 | 0 |
_aBauls _zBangladesh. _913226 |
|
| 650 | 0 |
_aBauls _xHymns _xHistory and criticism. _913227 |
|
| 651 | 0 |
_aBangladesh _xReligious life and customs. _913228 |
|
| 942 |
_2lcc _cBK _hBL 1284.835.B36 _i.2017 H37 _k(CoE-SS) |
||
| 999 |
_c5259 _d5259 |
||